000
00342 a2200169 4500
001
180288
020
_a
85-08-08916-3
040
_c
Magnum
100
_a
Figueira, Divalte Garcia
240
1
0
_a
História
_l
por
245
1
0
_a
História
300
_a
432
362
0
_a
2003
440
1
_a
Ática
697
_a
HISTÓRIA GERAL
942
_c
BK
999
_c
180288
_d
180288